NLSUI OPAC header image

Mahatma Jatirao Phooley : Father of Indian social revolution (Record no. 12845)

MARC details
000 -LEADER
fixed length control field 00441nam a2200157Ia 4500
008 - FIXED-LENGTH DATA ELEMENTS--GENERAL INFORMATION
fixed length control field 160316s1997 xxu||||| |||| 00| 0 eng d
082 ## - DEWEY DECIMAL CLASSIFICATION NUMBER
Classification number 301.090000
Item number KEE
100 ## - MAIN ENTRY--PERSONAL NAME
Personal name Keer Dhananjay
245 ## - TITLE STATEMENT
Title Mahatma Jatirao Phooley : Father of Indian social revolution
250 ## - EDITION STATEMENT
Edition statement
260 ## - PUBLICATION, DISTRIBUTION, ETC.
Place of publication, distribution, etc. Bombay
Name of publisher, distributor, etc. Popular Prakashan
Date of publication, distribution, etc. 1997
300 ## - PHYSICAL DESCRIPTION
Extent 295p
Other physical details 295p*
Dimensions
365 ## - TRADE PRICE
Price amount Rs.300
650 ## - SUBJECT ADDED ENTRY--TOPICAL TERM
Topical term or geographic name entry element 1.Phooley Mahatma Jotirao - Biography
700 ## - ADDED ENTRY--PERSONAL NAME
Personal name
--
Holdings
Withdrawn status Lost status Damaged status Not for loan Home library Current library Shelving location Date acquired Cost, normal purchase price Total Checkouts Full call number Barcode Date last seen Price effective from Koha item type
        . .   30.05.2017 300.00   301.09 KEE 13178 30.05.2017 30.05.2017 BOOKs